<?xml version="1.0" encoding="UTF-8"?>
<collection xmlns="http://www.loc.gov/MARC21/slim">
<record>
  <controlfield tag="001">165802</controlfield>
  <controlfield tag="005">20260114135812.0</controlfield>
  <datafield tag="024" ind1="7" ind2=" ">
    <subfield code="2">doi</subfield>
    <subfield code="a">10.1093/petrology/egs084</subfield>
  </datafield>
  <datafield tag="024" ind1="8" ind2=" ">
    <subfield code="2">sideral</subfield>
    <subfield code="a">81389</subfield>
  </datafield>
  <datafield tag="037" ind1=" " ind2=" ">
    <subfield code="a">ART-2013-81389</subfield>
  </datafield>
  <datafield tag="041" ind1=" " ind2=" ">
    <subfield code="a">eng</subfield>
  </datafield>
  <datafield tag="100" ind1=" " ind2=" ">
    <subfield code="a">Larrea,P.</subfield>
    <subfield code="u">Universidad de Zaragoza</subfield>
    <subfield code="0">(orcid)0000-0001-8470-2840</subfield>
  </datafield>
  <datafield tag="245" ind1=" " ind2=" ">
    <subfield code="a">Magmatic processes and the role of antecrysts in the genesis of Corvo island (Azores archipelago, Portugal)</subfield>
  </datafield>
  <datafield tag="260" ind1=" " ind2=" ">
    <subfield code="c">2013</subfield>
  </datafield>
  <datafield tag="520" ind1="3" ind2=" ">
    <subfield code="a">Corvo island is one of two Azorean islands located to the west of the Mid-Atlantic Ridge. Its small size and the existence of a single main eruptive center make it an ideal island for an in-depth study of the magmatic processes controlling its evolution. This study presents detailed petrographic and geochemical data for representative samples of the complete volcanostratigraphic sequence (Pre-, Syn- and Post-caldera stages), including lava flows, dikes and cumulate gabbroic xenoliths hosted in a Pre-caldera lava flow. Some lava flows and dikes contain large crystals that are not in equilibrium with the host magma. These crystals are antecrysts crystallized from progenitor magmas that have been reincorporated into the host lava before eruption. We note for the first time that the accumulation of antecrysts in Azorean magmas strongly affects the bulk composition of the rocks. Antecryst contents as high as 50–60% can result in whole-rocks with MgO contents of 15 wt %. This accumulation process obscures the magmatic processes responsible for the differentiation of the volcanic products. Accordingly, only antecryst-free samples are considered to identify the magmatic processes involved in the generation of the island. The least evolved antecryst-free rock was used as the closest composition to the primary magma for modeling of major element (MELTS) and trace element variations; our results establish a petrogenetic relationship between Corvo antecryst-free lava flows, dikes and cumulate xenoliths, all of which are products of polybaric fractional crystallization. Pre- and Post-caldera products are related to an ∼15 km deep magma chamber, whereas the Syn-caldera evolved products are related to a shallower magma chamber. These results suggest that Corvo island developed from a complex magmatic plumbing system in which magmas and their crystal cargo, derived from variable depths, have interacted and been tapped throughout the evolution of the island.</subfield>
  </datafield>
  <datafield tag="536" ind1=" " ind2=" ">
    <subfield code="9">info:eu-repo/grantAgreement/ES/DGA/B023-10</subfield>
    <subfield code="9">info:eu-repo/grantAgreement/ES/MICINN/CGL2008-06098-BTE</subfield>
    <subfield code="9">info:eu-repo/grantAgreement/ES/MINECO/CGL2011-27477</subfield>
  </datafield>
  <datafield tag="540" ind1=" " ind2=" ">
    <subfield code="9">info:eu-repo/semantics/closedAccess</subfield>
    <subfield code="a">All rights reserved</subfield>
    <subfield code="u">http://www.europeana.eu/rights/rr-f/</subfield>
  </datafield>
  <datafield tag="590" ind1=" " ind2=" ">
    <subfield code="a">4.485</subfield>
    <subfield code="b">2013</subfield>
  </datafield>
  <datafield tag="591" ind1=" " ind2=" ">
    <subfield code="a">GEOCHEMISTRY &amp; GEOPHYSICS</subfield>
    <subfield code="b">7 / 80 = 0.087</subfield>
    <subfield code="c">2013</subfield>
    <subfield code="d">Q1</subfield>
    <subfield code="e">T1</subfield>
  </datafield>
  <datafield tag="655" ind1=" " ind2="4">
    <subfield code="a">info:eu-repo/semantics/article</subfield>
    <subfield code="v">info:eu-repo/semantics/publishedVersion</subfield>
  </datafield>
  <datafield tag="700" ind1=" " ind2=" ">
    <subfield code="a">França,Z.</subfield>
  </datafield>
  <datafield tag="700" ind1=" " ind2=" ">
    <subfield code="a">Lago,M.</subfield>
    <subfield code="u">Universidad de Zaragoza</subfield>
    <subfield code="0">(orcid)0000-0002-3609-7380</subfield>
  </datafield>
  <datafield tag="700" ind1=" " ind2=" ">
    <subfield code="a">Widom,E.</subfield>
  </datafield>
  <datafield tag="700" ind1=" " ind2=" ">
    <subfield code="a">Galé,C.</subfield>
    <subfield code="u">Universidad de Zaragoza</subfield>
    <subfield code="0">(orcid)0000-0002-2745-0357</subfield>
  </datafield>
  <datafield tag="700" ind1=" " ind2=" ">
    <subfield code="a">Ubide,T.</subfield>
    <subfield code="0">(orcid)0000-0002-2944-8736</subfield>
  </datafield>
  <datafield tag="710" ind1="2" ind2=" ">
    <subfield code="1">2000</subfield>
    <subfield code="2">685</subfield>
    <subfield code="a">Universidad de Zaragoza</subfield>
    <subfield code="b">Dpto. Ciencias de la Tierra</subfield>
    <subfield code="c">Área Petrología y Geoquímica</subfield>
  </datafield>
  <datafield tag="773" ind1=" " ind2=" ">
    <subfield code="g">54, 4 (2013), 769-793</subfield>
    <subfield code="p">J. Petrol.</subfield>
    <subfield code="t">JOURNAL OF PETROLOGY</subfield>
    <subfield code="x">0022-3530</subfield>
  </datafield>
  <datafield tag="856" ind1="4" ind2=" ">
    <subfield code="s">2039837</subfield>
    <subfield code="u">http://zaguan.unizar.es/record/165802/files/texto_completo.pdf</subfield>
    <subfield code="y">Versión publicada</subfield>
  </datafield>
  <datafield tag="856" ind1="4" ind2=" ">
    <subfield code="s">2399970</subfield>
    <subfield code="u">http://zaguan.unizar.es/record/165802/files/texto_completo.jpg?subformat=icon</subfield>
    <subfield code="x">icon</subfield>
    <subfield code="y">Versión publicada</subfield>
  </datafield>
  <datafield tag="909" ind1="C" ind2="O">
    <subfield code="o">oai:zaguan.unizar.es:165802</subfield>
    <subfield code="p">articulos</subfield>
    <subfield code="p">driver</subfield>
  </datafield>
  <datafield tag="951" ind1=" " ind2=" ">
    <subfield code="a">2026-01-14-12:46:05</subfield>
  </datafield>
  <datafield tag="980" ind1=" " ind2=" ">
    <subfield code="a">ARTICLE</subfield>
  </datafield>
</record>
</collection>